Catalog

Record Details

Catalog Search



Variation-Aware Design of Custom Integrated Circuits: A Hands-on Field Guide A Hands-on Field Guide  Cover Image E-book E-book

Variation-Aware Design of Custom Integrated Circuits: A Hands-on Field Guide [electronic resource] : A Hands-on Field Guide / by Trent McConaghy, Kristopher Breen, Jeffrey Dyck, Amit Gupta.

McConaghy, Trent. (author.). Breen, Kristopher. (author.). Dyck, Jeffrey. (author.). Gupta, Amit. (author.). SpringerLink (Online service) (Added Author).

Record details

  • ISBN: 9781461422693
  • Physical Description: XV, 188 p. 124 illus. online resource.
  • Publisher: New York, NY : Springer New York : 2013.
Subject: Engineering.
Electronics.
Systems engineering.
Engineering.
Circuits and Systems.
Electronics and Microelectronics, Instrumentation.
Nanotechnology and Microengineering.

Electronic resources


LDR 01622nam a22004215i 4500
00125768
003CONS
00520130726200319.0
007cr nn 008mamaa
008121009s2013 xxu| s |||| 0|eng d
020 . ‡a9781461422693 ‡9978-1-4614-2269-3
0247 . ‡a10.1007/978-1-4614-2269-3 ‡2doi
035 . ‡a(DE-He213)978-1-4614-2269-3
050 4. ‡aTK7888.4
072 7. ‡aTJFC ‡2bicssc
072 7. ‡aTEC008010 ‡2bisacsh
1001 . ‡aMcConaghy, Trent. ‡eauthor.
24510. ‡aVariation-Aware Design of Custom Integrated Circuits: A Hands-on Field Guide ‡h[electronic resource] : ‡bA Hands-on Field Guide / ‡cby Trent McConaghy, Kristopher Breen, Jeffrey Dyck, Amit Gupta.
264 1. ‡aNew York, NY : ‡bSpringer New York : ‡bImprint: Springer, ‡c2013.
300 . ‡aXV, 188 p. 124 illus. ‡bonline resource.
336 . ‡atext ‡btxt ‡2rdacontent
337 . ‡acomputer ‡bc ‡2rdamedia
338 . ‡aonline resource ‡bcr ‡2rdacarrier
347 . ‡atext file ‡bPDF ‡2rda
650 0. ‡aEngineering.
650 0. ‡aElectronics.
650 0. ‡aSystems engineering.
65014. ‡aEngineering.
65024. ‡aCircuits and Systems.
65024. ‡aElectronics and Microelectronics, Instrumentation.
65024. ‡aNanotechnology and Microengineering.
7001 . ‡aBreen, Kristopher. ‡eauthor.
7001 . ‡aDyck, Jeffrey. ‡eauthor.
7001 . ‡aGupta, Amit. ‡eauthor.
7102 . ‡aSpringerLink (Online service)
7730 . ‡tSpringer eBooks
77608. ‡iPrinted edition: ‡z9781461422686
85640. ‡uhttp://biblioteca.ipicyt.edu.mx:2048/login?url=http://dx.doi.org/10.1007/978-1-4614-2269-3 ‡yTexto completo ‡9CONS
950 . ‡aEngineering (Springer-11647)
901 . ‡a25768 ‡b ‡c25768 ‡tbiblio ‡sSystem Local

Additional Resources